Biomy na kuli ziemskiej (strefy roślinności) - Statystyki

Ogólne statystyki
  • Ten quiz został rozwiązany 200 razy
  • Średni wynik to 5 z 9
Statystyki odpowiedzi
Obrazkowy Odpowiedź % Poprawnych
Sawanna
96%
Tundra
67%
Wilgotne lasy równikowe / Lasy tropikalne
65%
Tajga
62%
Lasy liściaste (zrzucające liście na zimę) / Lasy mieszane
58%
Pustynia lodowa
55%
Stepy
55%
Pustynia piaszczysta
20%
Makia / Chaparral / Roślinność twardolistna/ Scrub
19%
Nie znaleziono quizów pasujących do podanych kryteriów
Rozkład punktacji
Procent ludzi z każdym wynikiem
Percentyl według liczby udzielonych odpowiedzi
Twoja historia wyników
Nie rozwiązałeś tego quizu